| 000 | 00932cam a2200277 i 4500 | ||
|---|---|---|---|
| 001 | 3170 | ||
| 003 | BD-RjUL | ||
| 005 | 20211208233704.0 | ||
| 008 | 131218s1958 ctuaf b 001 0 eng | ||
| 020 | _a0313211914 | ||
| 035 | _a(BD-RjUL)3204 | ||
| 040 |
_aDLC _cDLC _dDLC _dBD-RjUL _beng |
||
| 041 | _aeng | ||
| 082 | 0 | 0 |
_a354.4700722 _bDAD 1958 |
| 100 | 1 |
_aDavies, R. W. _q(Robert William), _d1925- _910042 |
|
| 245 | 1 | 4 |
_aThe development of the Soviet budgetary system / _cby R. W. Davies ; with a foreword by Alexander Baykov. |
| 260 |
_aWestport, Conn. : _bGreenwood Press, _cc1958. |
||
| 300 |
_axxi, 372 p., [2] fold. leaves of plates : _bill. ; _c24 cm. |
||
| 500 | _aRepint of the ed. published at the University Press, Cambridge. | ||
| 504 | _aBibliography: p. 344-352. | ||
| 504 | _aIncludes index. | ||
| 650 | 0 |
_aBudget _zSoviet Union. _910043 |
|
| 942 |
_2ddc _cBK |
||
| 999 |
_c3170 _d3170 |
||